=LDR 00000nam 2200000 4500 =001 INLIS000000000008581 =005 20130612100431 =008 ***********************************Ind** =035 ##$$0010-061300000008581 =041 ##$$a Ind =082 ##$$a 372.2 =090 ##$$a 372.2, Muc i =100 ##$$a Muchtar =245 ##$$a IPS 3A, Muchtar =260 ##$$a 2001 $b Jakarta =300 ##$$a 88 hlm, 28 cm =650 ##$$a IPS Pend - Dasar